[Event "GBR-ch U1900 106th"]
[Site "Torquay"]
[Date "2019.07.31"]
[Round "3"]
[White "Mitchell, Andy"]
[Black "Jacob, Sydney J"]
[Result "0-1"]
[WhiteElo "1626"]
[BlackElo "1797"]
[PlyCount "58"]
[EventDate "2019.07.29"]
[EventType "swiss"]
[EventRounds "7"]
[EventCountry "ENG"]
[SourceTitle "EXT 2025"]
[Source "ChessBase"]
[SourceDate "2024.10.14"]
[SourceVersion "1"]
[SourceVersionDate "2024.10.14"]
[SourceQuality "1"]

1. e4 d6 2. d4 Nf6 3. Nc3 a6 4. Bg5 g6 5. Nf3 Bg7 6. Be2 h6 7. Bxf6 Bxf6 8. e5 Bg7 9. 0-0 0-0 10. Bc4 e6 11. exd6 cxd6 12. d5 e5 13. Nd2 b5 14. Bb3 f5 15. Ne2 Nd7 16. a4 b4 17. Nc4 Nb6 18. Na5 f4 19. Nc6 Qg5 20. Kh1 f3 21. Ng3 Bg4 22. Qd3 fxg2+ 23. Kxg2 Bf3+ 24. Kg1 e4 25. Qe3 Qg4 26. Ne7+ Kh7 27. Nxg6 Kxg6 28. Qxb6 Qh3 29. Qxd6+ Kh7 0-1